EIS, Digests of environmental impact statements.

Bibliographic Details
Previous Title:EIS, Key to environmental impact statements
Corporate Author: Herner and Company
Format: Journal
Language:English
Published: Bethesda, MD [etc.] : Cambridge Scientific Abstracts [etc.]
Subjects:
Online Availability: Check for online availability

MARC

Tag First Indicator Second Indicator Subfields
LEADER 00000cas a2200000 4500
001 in00000090517
005 20151008063736.0
008 770315c19799999mduqr p ai 0 a0eng d
010 |a sc 80001420   |z sn 80008297  
016 7 |a 8002226  |2 DNLM 
016 7 |a E03855000  |z D10830000  |2 DNLM 
022 0 |a 0364-1074  |2 1 
029 1 |a NLM  |b 8002226 
030 |a EEISDZ 
032 |a 004503  |b USPS 
035 |a (OCoLC)ocm05290543 
037 |b CSA Journal Division, 7200 Wisconsin Ave., Suite 601, Bethesda, MD 20814 
037 |b Cambridge Scientific Abstracts, 7200 Wisconsin Ave., Bethesda, MD 20814 
040 |a COO  |c COO  |d NLM  |d NSD  |d DLC  |d NSD  |d NST  |d OCL  |d RCS  |d NST  |d AIP  |d NST  |d HUL  |d NSD  |d DLC  |d NST  |d NSD  |d DLC  |d OCL  |d OCLCQ  |d DLC  |d IUL  |d NSD  |d UtOrBLW 
042 |a nsdp  |a lc 
049 |a TXAM 
060 0 0 |a ZWA 670  |b E105 
082 1 |a 333  |2 11 
090 |a TD194.5  |b .E12 
210 0 |a EIS 
222 0 |a EIS 
245 0 0 |a EIS, Digests of environmental impact statements. 
246 3 |a Environmental impact statements 
246 3 0 |a Digests of environmental impact statements 
246 1 |a EIS, Digests of environmental impact statements from CSA  |f <2005-> 
264 1 |a Bethesda, MD [etc.] :  |b Cambridge Scientific Abstracts [etc.] 
300 |a volumes ;  |c 23 cm. 
310 |a Quarterly,  |b <Mar. 2000-> 
321 |a Monthly,  |b 1979- 
321 |a Bimonthly,  |b <Feb. 1989-> 
336 |a text  |b txt  |2 rdacontent 
337 |a unmediated  |b n  |2 rdamedia 
338 |a volume  |b nc  |2 rdacarrier 
362 0 |a v. 3, no. 7- July 1979- 
500 |a Latest issue consulted: Volume 28, number 3 (Sept. 2004). 
530 |a Also published online. 
550 |a Prepared by the staff of Herner and Company. 
580 |a Cumulated annually as: EIS cumulative. 
650 0 |a Environmental impact statements  |z United States  |v Indexes  |v Periodicals. 
650 0 |a Environmental impact statements  |z United States  |v Abstracts  |v Periodicals. 
650 2 |a Environment  |z United States  |v Abstracts. 
650 2 |a Environmental Pollution  |z United States  |v Abstracts. 
710 2 |a Herner and Company. 
776 1 |t EIS, Digests of environmental impact statements  |x 1555-6522 
780 0 0 |t EIS, Key to environmental impact statements  |x 0364-1074  |w (DLC) 77647129  |w (OCoLC)2805446 
787 1 |t EIS cumulative  |x 0190-0250  |w (DLC) 79640191  |w (OCoLC)4219699 
850 |a AAP  |a AzTeS  |a AzU  |a CSt  |a CU-SB  |a DGW  |a DLC  |a DNAL  |a DeU  |a FU  |a IU  |a IaAS  |a In  |a LU  |a MH-SD  |a MCM  |a MMeT  |a MU  |a MdU  |a MiEM  |a MiU  |a NRU  |a NcRS  |a NjR  |a OrU  |a TxU  |a ULA  |a ViBlbV  |a VtU  |a WaU 
994 |a C0  |b TXA 
948 |a cataloged  |b h  |c 2006/7/10  |d c  |e lfurubot  |f 4:44:40 pm 
999 |a MARS 
999 f f |s 57e596fa-96d8-32d0-b34e-bc0fde6168e7  |i f85fc49c-6fbb-37be-92d7-18f8950c10c1  |t 0 
952 f f |p ric  |a Texas A&M University  |b Rellis Campus  |c Joint Library Facility  |d Remote Storage  |t 0  |e TD194.6 .E1696  |h Library of Congress classification  |i unmediated -- volume  |k v.24:no.3-4  |l 2000:Sept.-Dec.  |m A14835134297 
952 f f |p ric  |a Texas A&M University  |b Rellis Campus  |c Joint Library Facility  |d Remote Storage  |t 0  |e TD194.6 .E1696  |h Library of Congress classification  |i unmediated -- volume  |k v.24:no.1-2  |l 2000:Mar.-June  |m A14835134255 
998 f f |a TD194.6 .E1696  |s v.24:no.1-4 (2000:Mar.-Dec.)  |t 0  |l Remote Storage